000 00953nam a22002051 4500
001 e 10001885
003 DLC
005 20260227111154.0
008 870527s1889 gw b 00010 ger c
010 _ae 10001885 //r87
040 _aU.S. Bur. of Education libr./ICU
_cICU
050 0 _aQ49
_b.H172
100 1 0 _aUle, Willi,
_d1861-1940.
245 1 0 _aGeschichte der Kaiserlichen Leopoldinisch-Carolinischen deutschen akademie der naturforscher während der jahre 1852-1887
_bmit einem rückblick auf die frühere zeit ihres bestehens im auftrage des präsidenten herrn geheimen rathes professors dr. Hermann Knoblauch verfasst
_cvon dr. phil. Willi Ule ...
260 0 _aHalle,
_bDruck von E. Blochmann und sohn in Dresden,
_c1889.
300 _aviii, 258 p., 1 l.
_c33 cm.
504 _aContains bibliographies.
610 2 0 _aKaiserliche Leopoldinische-Carolinische Deutsche Akademie der Naturforscher.
700 1 0 _aKnoblauch, Hermann,
_d1820-1895.
999 _c19070
_d19070